Marine control practice / (Record no. 3984)

000 -LEADER
fixed length control field 00417nam a22001577a 4500
008 - FIXED-LENGTH DATA ELEMENTS--GENERAL INFORMATION
fixed length control field 200709b ||||| |||| 00| 0 eng d
020 ## - INTERNATIONAL STANDARD BOOK NUMBER
International Standard Book Number 0408013133
082 00 - DEWEY DECIMAL CLASSIFICATION NUMBER
Classification number 623.85
Item number T2381
100 ## - MAIN ENTRY--PERSONAL NAME
9 (RLIN) 1374
Personal name Taylor, D. A.
245 10 - TITLE STATEMENT
Title Marine control practice /
250 ## - EDITION STATEMENT
Edition statement 1st ed.
260 ## - PUBLICATION, DISTRIBUTION, ETC. (IMPRINT)
Place of publication, distribution, etc London
Name of publisher, distributor, etc Butterworths
Date of publication, distribution, etc 1987
300 ## - PHYSICAL DESCRIPTION
Extent 424 p.
650 #0 - SUBJECT ADDED ENTRY--TOPICAL TERM
Topical term or geographic name as entry element Marine engines--Automatic control
942 ## - ADDED ENTRY ELEMENTS (KOHA)
Item type Books
Holdings
Withdrawn status Lost status Source of classification or shelving scheme Damaged status Not for loan Permanent location Current location Date acquired Full call number Barcode Date last seen Koha item type Total Checkouts Date last borrowed
          IMU Kolkata IMU Kolkata 2020-07-09 623.85 T2381 07196 2020-07-09 Books    
          IMU Kolkata IMU Kolkata 2020-07-09 623.85 T2381 07225 2023-07-21 Books 1 2023-01-27
          IMU Kolkata IMU Kolkata 2020-07-15 623.85 T2381 07474 2020-07-15 Books    
          IMU Kolkata IMU Kolkata 2020-07-22 623.85 T2381 07723 2025-08-11 Books 2 2025-07-21
Designed and Maintained by IMU-KC Library, Kolkata Campus © Copyright All Rights Reserved

webs counters

Powered by Koha